[Event "40th Olympiad Open"]
[Site "Istanbul TUR"]
[Date "2012.08.28"]
[Round "1.17"]
[Board "1"]
[White "Machin Rivera, Mark"]
[Black "Saric, Ivan"]
[Result "1/2-1/2"]
[WhiteTitle "FM"]
[BlackTitle "GM"]
[WhiteElo "2323"]
[BlackElo "2638"]
[WhiteTeam "Puerto Rico"]
[BlackTeam "Croatia"]
[WhiteFideId "3101126"]
[BlackFideId "14508150"]
[EventDate "2012.08.28"]

1. c4 g6 2. g3 Bg7 3. Bg2 c5 4. e3 Nc6 5. Ne2 e5 6. Nbc3 Nge7 7. O-O d6 8. d3 h5
9. h4 Bg4 10. Ne4 Qd7 11. a3 Rd8 12. Qc2 b6 13. N2c3 O-O 14. Kh2 f5 15. Ng5 f4
16. Nd5 f3 17. Bh3 Bh6 18. Bxg4 hxg4 19. Ne4 Qe6 20. Nc7 Qf7 21. Rh1 d5 22. cxd5
Nxd5 23. Nxd5 Qxd5 24. Qa4 Qe6 25. Qb5 Rf7 26. b4 cxb4 27. axb4 Qd5 28. Qa4 b5
29. Qa6 Kg7 30. Nc3 Nxb4 31. Nxd5 Nxa6 32. e4 Nc5 33. Bxh6+ Kxh6 34. Rhd1 Rd6
35. Rac1 Nd7 36. Rc7 a5 37. Ra7 Kg7 38. Rxa5 Nf6 39. Rxb5 Nxd5 40. exd5 Rfd7 41.
Rb4 Rxd5 42. Rxg4 Kf6 43. Re4 Rxd3 44. Rxd3 Rxd3 45. g4 Ke6 46. Kg3 Kd5 47. Ra4
Ke6 48. Ra6+ Kf7 49. Ra1 Ke6 50. Rh1 Kf6 51. Rb1 e4 52. Rb6+ Kf7 53. Rb7+ Kf8
54. Rb4 e3 55. fxe3 Rxe3 56. Kf4 Ra3 57. Kg5 f2 58. Rb8+ 1/2-1/2

[Event "40th Olympiad Open"]
[Site "Istanbul TUR"]
[Date "2012.08.28"]
[Round "1.17"]
[Board "2"]
[White "Stevic, Hrvoje"]
[Black "Vazquez Reyes, Raul"]
[Result "1-0"]
[WhiteTitle "GM"]
[BlackTitle "FM"]
[WhiteElo "2614"]
[BlackElo "2251"]
[WhiteTeam "Croatia"]
[BlackTeam "Puerto Rico"]
[WhiteFideId "14502569"]
[BlackFideId "3100235"]
[EventDate "2012.08.28"]

1. e4 c5 2. d3 Nc6 3. f4 g6 4. Nf3 Bg7 5. Be2 d6 6. O-O e6 7. c3 Nge7 8. Be3 O-O
9. d4 b6 10. Na3 f5 11. e5 Nd5 12. Qd2 cxd4 13. cxd4 Bb7 14. Nb5 dxe5 15. dxe5
Nxe3 16. Qxe3 Ne7 17. Ng5 Qd5 18. Qf2 Qd7 19. Nd4 Bd5 20. Bb5 Qb7 21. Ngxe6 Rfc8
22. Rfd1 a6 23. Ba4 b5 24. Bb3 h6 25. Bxd5 Nxd5 26. Qf3 Bh8 27. Rac1 Kh7 28. Nc5
Qf7 29. e6 1-0

[Event "40th Olympiad Open"]
[Site "Istanbul TUR"]
[Date "2012.08.28"]
[Round "1.17"]
[Board "3"]
[White "Almedina Ortiz, Edgardo J"]
[Black "Palac, Mladen"]
[Result "0-1"]
[WhiteTitle "FM"]
[BlackTitle "GM"]
[WhiteElo "2247"]
[BlackElo "2599"]
[WhiteTeam "Puerto Rico"]
[BlackTeam "Croatia"]
[WhiteFideId "3100197"]
[BlackFideId "14500116"]
[EventDate "2012.08.28"]

1. e4 c5 2. Nf3 Nc6 3. d4 cxd4 4. Nxd4 Qb6 5. Nb3 Nf6 6. Nc3 e6 7. Be3 Qc7 8.
Bd3 a6 9. O-O d6 10. f4 Be7 11. Kh1 O-O 12. Rf3 b5 13. Rh3 g6 14. g4 Bb7 15. g5
Nd7 16. Qg4 f5 17. gxf6 Rxf6 18. Nd4 Nc5 19. a4 b4 20. Nce2 Nxd4 21. Bxd4 Nxe4
22. Kg1 e5 23. fxe5 dxe5 24. Bxe4 exd4 25. Bxb7 Qxb7 26. Qg2 Qxg2+ 27. Kxg2 Raf8
28. Nxd4 Rf2+ 29. Kh1 Bf6 30. Nc6 Rxc2 31. Rb1 Rxc6 0-1

[Event "40th Olympiad Open"]
[Site "Istanbul TUR"]
[Date "2012.08.28"]
[Round "1.18"]
[Board "2"]
[White "Win, Tun"]
[Black "Markus, Robert"]
[Result "0-1"]
[BlackTitle "GM"]
[WhiteElo "2174"]
[BlackElo "2599"]
[WhiteTeam "Myanmar"]
[BlackTeam "Serbia"]
[WhiteFideId "13003100"]
[BlackFideId "921637"]
[EventDate "2012.08.28"]

1. d4 Nf6 2. Nf3 g6 3. c4 Bg7 4. Nc3 d6 5. e4 O-O 6. h3 c6 7. Be3 a6 8. a4 a5 9.
Qd2 Na6 10. Be2 Qe8 11. O-O e5 12. dxe5 dxe5 13. Rad1 Nd7 14. Rfe1 Ndc5 15. Bh6
f6 16. Bf1 Be6 17. Be3 Rf7 18. Qe2 Qf8 19. g3 Bh6 20. Nd2 Nb4 21. Nf3 Bxe3 22.
fxe3 Kg7 23. Nh4 Qe7 24. Qf3 f5 25. exf5 Bxf5 26. Qg2 Bc2 27. Ra1 Raf8 28. e4
Nb3 29. Ra3 Qc5+ 30. Kh1 Rf2 31. Qg1 Nd2 32. Bg2 Nxc4 0-1

[Event "40th Olympiad Open"]
[Site "Istanbul TUR"]
[Date "2012.08.28"]
[Round "1.18"]
[Board "3"]
[White "Perunovic, Milos"]
[Black "Myo Naing"]
[Result "1-0"]
[WhiteTitle "GM"]
[BlackTitle "IM"]
[WhiteElo "2614"]
[BlackElo "2312"]
[WhiteTeam "Serbia"]
[BlackTeam "Myanmar"]
[WhiteFideId "921629"]
[BlackFideId "13000071"]
[EventDate "2012.08.28"]

1. e4 c5 2. Nf3 d6 3. d4 cxd4 4. Nxd4 Nf6 5. Nc3 g6 6. Be3 Bg7 7. f3 O-O 8. Qd2
Nc6 9. O-O-O d5 10. Qe1 e5 11. Nxc6 bxc6 12. exd5 cxd5 13. Bg5 d4 14. Qxe5 Ng4
15. Qxg7+ Kxg7 16. Bxd8 dxc3 17. fxg4 Bxg4 18. Rd4 Rfxd8 19. Rxg4 cxb2+ 20. Kxb2
Rd1 21. Rb4 f5 22. g4 Rc8 23. gxf5 gxf5 24. Rb5 f4 25. Bg2 Rd2 26. Be4 f3 27.
Rf5 f2 28. Rf1 Re2 29. Bd3 Rb8+ 30. Rb5 1-0

[Event "40th Olympiad Open"]
[Site "Istanbul TUR"]
[Date "2012.08.28"]
[Round "1.18"]
[Board "4"]
[White "Aung, Kyaw Moe"]
[Black "Sedlak, Nikola"]
[Result "0-1"]
[BlackTitle "GM"]
[WhiteElo "2149"]
[BlackElo "2549"]
[WhiteTeam "Myanmar"]
[BlackTeam "Serbia"]
[WhiteFideId "6200281"]
[BlackFideId "922900"]
[EventDate "2012.08.28"]

1. e4 e6 2. d4 d5 3. exd5 exd5 4. Nf3 Bd6 5. Bg5 Ne7 6. Bd3 Nbc6 7. c3 Bg4 8.
Nbd2 Qd7 9. Qa4 f6 10. Be3 h5 11. h3 Bf5 12. Qc2 g5 13. O-O-O O-O-O 14. Rde1
Rde8 15. h4 g4 16. Ng1 Bxd3 17. Qxd3 Nf5 18. Ne2 Qh7 19. Nf1 Nfxd4 20. Qxh7
Nxe2+ 21. Rxe2 Rxh7 22. Rd2 Ne7 23. g3 b6 24. Kc2 c6 25. c4 Kc7 26. b3 dxc4 27.
bxc4 Nf5 28. Rxd6 Kxd6 29. Bf4+ Kc5 30. Nd2 Nd4+ 31. Kd3 Rhe7 32. Be3 Rxe3+ 33.
fxe3 Nf5 34. e4 Rd8+ 35. Kc3 Nxg3 36. Re1 Kd6 37. Re3 Nh1 38. e5+ Ke7 39. exf6+
Kxf6 40. Ne4+ Kf5 41. Re1 g3 42. c5 g2 43. Ng5 Ng3 0-1

[Event "40th Olympiad Open"]
[Site "Istanbul TUR"]
[Date "2012.08.28"]
[Round "1.19"]
[Board "1"]
[White "Del Castilho, Martyn"]
[Black "Papaioannou, Ioannis"]
[Result "0-1"]
[WhiteTitle "FM"]
[BlackTitle "GM"]
[WhiteElo "2260"]
[BlackElo "2606"]
[WhiteTeam "Barbados"]
[BlackTeam "Greece"]
[WhiteFideId "11100400"]
[BlackFideId "4201345"]
[EventDate "2012.08.28"]

1. e4 c5 2. Nf3 d6 3. d4 cxd4 4. Nxd4 Nf6 5. Nc3 a6 6. Be3 e5 7. Nb3 Be7 8. f3
Be6 9. Qd2 O-O 10. O-O-O a5 11. Bb5 Na6 12. Qe2 Qb8 13. g4 Rc8 14. g5 Ne8 15. f4
Nec7 16. Bxa6 Nxa6 17. f5 Bc4 18. Qe1 Nb4 19. Kb1 Qc7 20. Qf2 a4 21. Bb6 axb3
22. cxb3 Bd3+ 23. Rxd3 Nxd3 24. Qe3 Qc6 25. Qxd3 Qxb6 26. Nd5 Qa5 27. Nxe7+ Kf8
28. Nxc8 Qxa2+ 29. Kc2 Rxc8+ 0-1

[Event "40th Olympiad Open"]
[Site "Istanbul TUR"]
[Date "2012.08.28"]
[Round "1.19"]
[Board "2"]
[White "Mastrovasilis, Dimitrios"]
[Black "Denny, Kevin"]
[Result "1-0"]
[WhiteTitle "GM"]
[BlackTitle "IM"]
[WhiteElo "2618"]
[BlackElo "2304"]
[WhiteTeam "Greece"]
[BlackTeam "Barbados"]
[WhiteFideId "4202694"]
[BlackFideId "11100028"]
[EventDate "2012.08.28"]

1. e4 e5 2. Nf3 Nc6 3. Bb5 a6 4. Bxc6 dxc6 5. Nc3 f6 6. d4 exd4 7. Nxd4 c5 8.
Nde2 Qxd1+ 9. Nxd1 Be6 10. Bf4 O-O-O 11. Ne3 Ne7 12. Rd1 Rxd1+ 13. Kxd1 g5 14.
Bg3 f5 15. Be5 Rg8 16. exf5 Nxf5 17. Nxf5 Bxf5 18. Re1 Bh6 19. f3 g4 20. f4 Rd8+
21. Kc1 Rd5 22. Bf6 Rd6 23. Bc3 Re6 24. g3 Kd7 25. Rd1+ Kc6 26. Rd2 Be4 27. Kd1
Bf8 28. Ke1 Rh6 29. Nc1 b5 30. Nd3 Bxd3 31. cxd3 Re6+ 32. Kf2 Kd5 33. h3 h5 34.
Rd1 Bd6 35. hxg4 hxg4 36. Rh1 b4 37. Rh5+ Kc6 38. Bd2 Be7 39. Be3 Rg6 40. b3 Re6
41. Rh7 Kd5 42. f5 1-0

[Event "40th Olympiad Open"]
[Site "Istanbul TUR"]
[Date "2012.08.28"]
[Round "1.19"]
[Board "3"]
[White "Farley, Terry"]
[Black "Banikas, Hristos"]
[Result "0-1"]
[WhiteTitle "IM"]
[BlackTitle "GM"]
[WhiteElo "2255"]
[BlackElo "2623"]
[WhiteTeam "Barbados"]
[BlackTeam "Greece"]
[WhiteFideId "11100095"]
[BlackFideId "4202031"]
[EventDate "2012.08.28"]

1. c4 c5 2. Nc3 Nf6 3. g3 d5 4. cxd5 Nxd5 5. Bg2 Nc7 6. Nf3 Nc6 7. O-O e5 8. d3
Be7 9. Nd2 O-O 10. Nc4 f6 11. f4 exf4 12. Bxf4 Ne6 13. Qa4 Ncd4 14. e3 Nxf4 15.
Rxf4 Bd7 16. Qd1 Ne6 17. Rf1 Rb8 18. a4 Kh8 19. Kh1 Ng5 20. h4 Nf7 21. e4 Be6
22. Ne3 Bd6 23. Ne2 Qd7 24. Nf4 Rbd8 25. Ned5 Bxf4 26. Rxf4 Ne5 27. d4 cxd4 28.
Qxd4 b6 29. Rc1 Rc8 30. Rff1 Rxc1 31. Rxc1 Rc8 32. Rxc8+ Qxc8 33. Nc3 Qd7 34.
Qxd7 Bxd7 35. Bf1 Kg8 36. Kg2 Kf8 37. Kf2 Ke7 38. Ke3 Kd6 39. Kd4 Nc6+ 40. Ke3
Kc5 41. Be2 Ne5 42. Kd2 Bc6 43. b3 Kb4 44. Bd1 a5 45. Kc2 Kc5 46. Kd2 Kb4 47.
Kc2 h6 48. Be2 Kc5 49. Kd2 Kd4 50. Nd5 Bxd5 51. exd5 Kxd5 52. Ke3 g5 53. hxg5
hxg5 54. Bf1 Ng4+ 55. Kd3 f5 56. Bg2+ Kc5 57. Bb7 Ne5+ 58. Ke3 Nc6 59. Bc8 Nd4
60. Kd3 f4 61. gxf4 gxf4 62. Ke4 f3 63. Bh3 f2 64. Bf1 Nxb3 65. Ke3 Kb4 0-1

[Event "40th Olympiad Open"]
[Site "Istanbul TUR"]
[Date "2012.08.28"]
[Round "1.19"]
[Board "4"]
[White "Kotronias, Vasilios"]
[Black "Warner, Delisle"]
[Result "1-0"]
[WhiteTitle "GM"]
[BlackTitle "FM"]
[WhiteElo "2589"]
[BlackElo "2204"]
[WhiteTeam "Greece"]
[BlackTeam "Barbados"]
[WhiteFideId "5900212"]
[BlackFideId "11100109"]
[EventDate "2012.08.28"]

1. e4 e6 2. d4 d5 3. Nd2 c5 4. Ngf3 cxd4 5. exd5 Qxd5 6. Bc4 Qd6 7. O-O Nf6 8.
Nb3 Nc6 9. Nbxd4 Nxd4 10. Nxd4 a6 11. Re1 Qc7 12. Qe2 Bd6 13. Bg5 O-O 14. Bd3
Qc5 15. Nf3 Nd5 16. Rad1 Qc7 17. Be4 h6 18. Bh4 Ne7 19. Qd3 Bc5 20. Qc3 f5 21.
Bd3 g5 22. Bg3 f4 23. Nxg5 hxg5 24. Re5 Bxf2+ 25. Bxf2 Qxc3 26. bxc3 Nf5 27.
Bxf5 Rxf5 28. Rxf5 exf5 29. Rd8+ Kf7 30. Bb6 a5 31. c4 Ra6 32. c5 Be6 33. a3 g4
34. h4 gxh3 35. gxh3 Ke7 36. Rb8 Bd5 37. h4 Kf7 38. h5 Kg7 39. Kf2 Be4 40. c6
Rxb6 41. c7 Rc6 42. c8=Q Rxc8 43. Rxc8 Kh6 44. Rh8+ Kg7 45. Ra8 Kh6 46. c4 Kxh5
47. Rxa5 Kg6 48. Ra8 Kf6 49. Rd8 Ke6 50. a4 Ke7 51. Rd4 b6 52. Rd2 Bc6 53. Rb2
Bxa4 54. Rxb6 Kd7 55. Rf6 Bb3 56. c5 Bd5 57. Rd6+ 1-0

[Event "40th Olympiad Open"]
[Site "Istanbul TUR"]
[Date "2012.08.28"]
[Round "1.20"]
[Board "3"]
[White "Vocaturo, Daniele"]
[Black "Garcia, Douglas"]
[Result "1-0"]
[WhiteTitle "GM"]
[WhiteElo "2542"]
[BlackElo "2180"]
[WhiteTeam "Italy"]
[BlackTeam "Guatemala"]
[WhiteFideId "813192"]
[BlackFideId "7300077"]
[EventDate "2012.08.28"]

1. e4 e6 2. d4 d5 3. Bd3 c5 4. c3 dxe4 5. Bxe4 Nf6 6. Bf3 Be7 7. Ne2 O-O 8. O-O
Nbd7 9. Bf4 cxd4 10. cxd4 Nb6 11. Nbc3 Nbd5 12. Be5 Bd7 13. Nxd5 Nxd5 14. Bxd5
exd5 15. Qb3 Bc6 16. Rfe1 Qd7 17. Nc3 Rfe8 18. Re3 Bf8 19. Rg3 Re6 20. f4 Rg6
21. Rf3 f6 22. f5 Rg4 23. h3 Rh4 24. Bf4 Kh8 25. Qc2 Bd6 26. Bxd6 Qxd6 27. Qf2
Rh5 28. Re1 Rg5 29. Re6 Qd7 30. Rfe3 h5 31. Ne2 Kh7 32. Nf4 Qc8 33. h4 Rg4 34.
Nxh5 Kh6 35. Rg3 Bd7 36. Rxg4 Bxe6 37. Qf4+ Kxh5 38. Rxg7 Bxf5 39. g4+ Bxg4 40.
Rh7+ Kg6 41. Rh6+ Kf7 42. Rxf6+ 1-0

[Event "40th Olympiad Open"]
[Site "Istanbul TUR"]
[Date "2012.08.28"]
[Round "1.20"]
[Board "4"]
[White "Galvez Dastin, Eduardo"]
[Black "Dvirnyy, Daniyyl"]
[Result "0-1"]
[BlackTitle "IM"]
[WhiteElo "2160"]
[BlackElo "2520"]
[WhiteTeam "Guatemala"]
[BlackTeam "Italy"]
[WhiteFideId "7300310"]
[BlackFideId "817570"]
[EventDate "2012.08.28"]

1. Nf3 Nf6 2. c4 g6 3. Nc3 d5 4. Qa4+ Bd7 5. Qb3 dxc4 6. Qxc4 Bg7 7. e4 O-O 8.
e5 Ng4 9. d4 Be6 10. Qb5 b6 11. h3 Nh6 12. Be2 Nf5 13. Be3 c5 14. dxc5 Nxe3 15.
fxe3 bxc5 16. Ne4 Nd7 17. Nxc5 Nxc5 18. Qxc5 Qb8 19. b3 Rc8 20. Qb5 Qc7 21. Kf2
Rab8 22. Qa4 Bxe5 23. Nxe5 Qxe5 24. Rac1 Qf6+ 25. Kg3 Qe5+ 26. Kf2 Qf6+ 27. Kg3
Qg5+ 28. Kf2 Bd5 29. Qg4 Qf6+ 30. Kg3 Qd6+ 31. Kf2 Qf6+ 32. Kg3 e6 33. h4 Qb2
34. Rce1 Rc2 35. h5 f5 36. Qf4 e5 37. Qf1 Rf8 38. hxg6 f4+ 39. exf4 exf4+ 40.
Kh3 hxg6 41. Bf3 Rf5 42. Bxd5+ Rxd5 43. Rg1 Rh5+ 0-1

[Event "40th Olympiad Open"]
[Site "Istanbul TUR"]
[Date "2012.08.28"]
[Round "1.21"]
[Board "4"]
[White "Baltag, Iulian"]
[Black "Ahmed, Haseeb"]
[Result "1-0"]
[WhiteTitle "IM"]
[WhiteElo "2396"]
[BlackElo "2296"]
[WhiteTeam "Moldova"]
[BlackTeam "Pakistan"]
[WhiteFideId "13901419"]
[BlackFideId "7800096"]
[EventDate "2012.08.28"]

1. d4 d5 2. c4 e6 3. Nf3 c6 4. e3 Nd7 5. b3 Ngf6 6. Bd3 Bb4+ 7. Nbd2 Ne4 8. O-O
f5 9. Bb2 O-O 10. a3 Ba5 11. b4 Bc7 12. Rc1 Rf6 13. Ne5 Rh6 14. f4 Ndf6 15. Nxe4
Nxe4 16. Qe1 g5 17. Bxe4 dxe4 18. Rd1 gxf4 19. Rxf4 Qg5 20. Qf2 Qg7 21. Rh4 Bd8
22. Rxh6 Qxh6 23. Qg3+ Qg5 24. Qf2 Bf6 25. Kh1 Qg7 26. g4 fxg4 27. Nxg4 Bg5 28.
Rg1 e5 29. Nf6+ Kh8 30. Nh5 Bg4 31. Nxg7 Bf3+ 32. Qxf3 exf3 33. Rxg5 h6 34. Rg3
Rf8 35. Kg1 e4 36. Kf2 Kh7 37. Ne6 Rf7 38. d5 cxd5 39. cxd5 b6 40. d6 a5 41. d7 1-0

[Event "40th Olympiad Open"]
[Site "Istanbul TUR"]
[Date "2012.08.28"]
[Round "1.22"]
[Board "1"]
[White "Leitao, Rafael"]
[Black "Haddouche, Mohamed"]
[Result "1-0"]
[WhiteTitle "GM"]
[BlackTitle "IM"]
[WhiteElo "2623"]
[BlackElo "2429"]
[WhiteTeam "Brazil"]
[BlackTeam "Algeria"]
[WhiteFideId "2101246"]
[BlackFideId "7900660"]
[EventDate "2012.08.28"]

1. d4 d6 2. Nf3 Nf6 3. c4 g6 4. g3 Bg7 5. Bg2 O-O 6. O-O Nbd7 7. Nc3 e5 8. e4 a6
9. Qc2 exd4 10. Nxd4 Re8 11. Rd1 Nc5 12. Nb3 Nxb3 13. axb3 Bg4 14. f3 Bd7 15.
Be3 Qc8 16. Rac1 Bc6 17. b4 b6 18. Nd5 Nd7 19. Bd4 Bxd4+ 20. Rxd4 Qd8 21. Bh3
Ne5 22. Qc3 h5 23. f4 Ng4 24. Bxg4 hxg4 25. Re1 a5 26. b5 Bxd5 27. Rxd5 Qd7 28.
Rg5 Kh7 29. f5 Qe7 30. Qd2 a4 31. Rxg4 a3 32. bxa3 Qe5 33. Rf1 Rg8 34. Rh4+ Kg7
35. Qh6+ Kf6 36. fxg6+ Ke7 37. Rxf7+ Ke8 38. Rhf4 Rxa3 39. Rf8+ Kd7 40. R4f7+ 1-0

[Event "40th Olympiad Open"]
[Site "Istanbul TUR"]
[Date "2012.08.28"]
[Round "1.22"]
[Board "2"]
[White "Oussedik, Mahfoud"]
[Black "Vescovi, Giovanni"]
[Result "0-1"]
[WhiteTitle "CM"]
[BlackTitle "GM"]
[WhiteElo "2242"]
[BlackElo "2617"]
[WhiteTeam "Algeria"]
[BlackTeam "Brazil"]
[WhiteFideId "7901810"]
[BlackFideId "2100789"]
[EventDate "2012.08.28"]

1. Nf3 Nf6 2. g3 d5 3. Bg2 c6 4. O-O Bf5 5. d4 Nbd7 6. c4 e6 7. Nc3 h6 8. Nd2
Bb4 9. e4 Bxc3 10. exf5 Bxd4 11. Nf3 Bb6 12. fxe6 fxe6 13. Qe2 Qe7 14. Nh4 Kf7
15. Qc2 Ne5 16. Kh1 Rhe8 17. cxd5 cxd5 18. Bf4 Rac8 19. Qb1 Neg4 20. Qg6+ Kg8
21. Kg1 Qf7 22. h3 Qxg6 23. Nxg6 Nxf2 24. Rxf2 Rc2 25. Rf1 Kh7 26. Ne5 g5 0-1

[Event "40th Olympiad Open"]
[Site "Istanbul TUR"]
[Date "2012.08.28"]
[Round "1.22"]
[Board "3"]
[White "Fier, Alexandr"]
[Black "Nassr, Ali"]
[Result "1-0"]
[WhiteTitle "GM"]
[BlackTitle "FM"]
[WhiteElo "2582"]
[BlackElo "2030"]
[WhiteTeam "Brazil"]
[BlackTeam "Algeria"]
[WhiteFideId "2107139"]
[BlackFideId "7900520"]
[EventDate "2012.08.28"]

1. d4 Nf6 2. c4 e6 3. Nf3 c5 4. d5 d6 5. Nc3 exd5 6. cxd5 g6 7. h3 Bg7 8. Bf4
O-O 9. e3 Ne8 10. Nd2 Nd7 11. Be2 Qe7 12. O-O Ne5 13. a4 f5 14. Bh2 Rb8 15. Nb5
a6 16. Na3 Nc7 17. a5 Nxd5 18. Ndc4 Be6 19. Nxe5 dxe5 20. Bc4 Rfd8 21. Qb3 b5
22. axb6 Rxb6 23. Qc2 e4 24. Rab1 Nb4 25. Bxe6+ Rxe6 26. Qb3 Qf7 27. Bg3 Re7 28.
Qc4 Qxc4 29. Nxc4 Rd5 30. Ra1 Re6 31. Ra5 Nd3 32. Rfa1 Nxb2 33. Nxb2 Bxb2 34.
Rxa6 Kf7 35. Ra7+ Re7 36. Bh4 Red7 37. R1a5 Ke6 38. R7a6+ R5d6 39. Ra8 Rc6 40.
Re8+ Kf7 41. Rb8 Rd1+ 1-0

[Event "40th Olympiad Open"]
[Site "Istanbul TUR"]
[Date "2012.08.28"]
[Round "1.22"]
[Board "4"]
[White "Dekar, Lies"]
[Black "Milos, Gilberto"]
[Result "1-0"]
[WhiteTitle "IM"]
[BlackTitle "GM"]
[WhiteElo "2155"]
[BlackElo "2593"]
[WhiteTeam "Algeria"]
[BlackTeam "Brazil"]
[WhiteFideId "7900066"]
[BlackFideId "2100029"]
[EventDate "2012.08.28"]

1. b3 e5 2. Bb2 d6 3. e3 f5 4. g3 Nf6 5. Bg2 g6 6. Ne2 Bg7 7. O-O O-O 8. c4 Na6
9. d3 c6 10. Nd2 Qe7 11. a3 Be6 12. b4 Bf7 13. Rc1 Nc7 14. Rc2 a6 15. Qa1 Rfe8
16. Rfc1 g5 17. Nf1 Bh5 18. Re1 Nd7 19. Bc3 Bf6 20. h3 Qg7 21. g4 fxg4 22. Neg3
Bg6 23. hxg4 Bxd3 24. Nh5 Qf8 25. Rd2 Bxc4 26. Be4 Be6 27. Qb1 Qe7 28. Nfg3 d5
29. Bf5 Bh8 30. f3 Nb5 31. Bb2 Nd6 32. Rh2 Bxf5 33. gxf5 Nf6 34. Ree2 Rad8 35.
Qf1 Qf7 36. Qh3 Nxh5 37. Nxh5 Qxf5 38. Qg2 Rf8 39. e4 dxe4 40. fxe4 Nxe4 41. Re1
Rd2 1-0

[Event "40th Olympiad Open"]
[Site "Istanbul TUR"]
[Date "2012.08.28"]
[Round "1.23"]
[Board "2"]
[White "Marin, Mihail"]
[Black "Iyti, Basher"]
[Result "1-0"]
[WhiteTitle "GM"]
[BlackTitle "IM"]
[WhiteElo "2548"]
[BlackElo "2264"]
[WhiteTeam "Romania"]
[BlackTeam "Syria"]
[WhiteFideId "1200020"]
[BlackFideId "7601875"]
[EventDate "2012.08.28"]

1. d4 g6 2. e4 Bg7 3. c3 d5 4. exd5 Nf6 5. c4 O-O 6. Nf3 e6 7. dxe6 Bxe6 8. Be2
Re8 9. O-O Bg4 10. Nc3 Nc6 11. Be3 Ne7 12. Qd3 Nf5 13. Bf4 Bxf3 14. Bxf3 Nxd4
15. Rad1 Ne6 16. Qxd8 Raxd8 17. Be3 b6 18. Nb5 a6 19. Na7 Rxd1 20. Rxd1 Rd8 21.
Rxd8+ Nxd8 22. c5 bxc5 23. Bxc5 Nd7 24. Ba3 Bf8 25. Bxf8 Kxf8 26. Nc6 Nxc6 27.
Bxc6 Ne5 28. Be4 a5 29. f4 Nc4 30. b3 Ne3 31. Bf3 Ke7 32. Kf2 Nc2 33. Be4 Nb4
34. a3 Na6 35. Bd5 f6 36. Ke3 Kd6 37. Bg8 h6 38. Kd4 Nc5 39. Kc4 c6 40. Kd4 Nd7
41. Bf7 g5 42. Ke4 gxf4 43. Kxf4 Ne5 44. Bg8 Ng6+ 45. Kg4 f5+ 46. Kh5 Nf4+ 47.
Kxh6 Nxg2 48. Kg5 f4 49. Bc4 Ke5 50. h4 Ne3 51. Be2 Nf5 52. h5 Nd6 53. Kg6 Ne4
54. h6 Nf6 55. b4 axb4 56. axb4 Nd7 57. Kg7 Nf6 58. Bf3 Ne8+ 59. Kg6 Nf6 60.
Bxc6 Ke6 61. Bf3 Ke7 62. b5 Nd7 63. Kg7 Nf8 64. b6 Ne6+ 65. Kg8 Nd8 66. h7 1-0

[Event "40th Olympiad Open"]
[Site "Istanbul TUR"]
[Date "2012.08.28"]
[Round "1.23"]
[Board "3"]
[White "Hammoudi, Ali"]
[Black "Vajda, Levente"]
[Result "1/2-1/2"]
[BlackTitle "GM"]
[WhiteElo "2155"]
[BlackElo "2612"]
[WhiteTeam "Syria"]
[BlackTeam "Romania"]
[WhiteFideId "7600321"]
[BlackFideId "1203975"]
[EventDate "2012.08.28"]

1. e4 c5 2. Nc3 Nc6 3. g3 g6 4. Bg2 Bg7 5. d3 Nf6 6. Be3 d6 7. Nge2 Ng4 8. Bd2
Nd4 9. O-O Rb8 10. Nxd4 cxd4 11. Ne2 Bd7 12. c3 dxc3 13. Bxc3 Bxc3 14. Nxc3 Qb6
15. Qd2 Ne5 16. Kh1 h5 17. h4 Qd4 18. Rad1 Rc8 19. Ne2 Qb6 20. b3 Bb5 21. d4 Nc6
22. Rfe1 Bxe2 23. Rxe2 O-O 24. e5 dxe5 25. d5 Rfd8 26. Qe1 Nb4 27. Rxe5 Nxa2 28.
Rxe7 Nc3 29. Rd3 Nb5 30. Bh3 Rc2 31. Rxf7 Rc7 32. Rf4 Qd6 33. Be6+ Kh7 34. Rdf3
Kh6 35. Qd2 Kg7 36. Rf7+ 1/2-1/2

[Event "40th Olympiad Open"]
[Site "Istanbul TUR"]
[Date "2012.08.28"]
[Round "1.24"]
[Board "1"]
[White "Mchedlishvili, Mikheil"]
[Black "Al-Zendani, Zendan"]
[Result "1-0"]
[WhiteTitle "GM"]
[BlackTitle "IM"]
[WhiteElo "2659"]
[BlackElo "2363"]
[WhiteTeam "Georgia"]
[BlackTeam "Yemen"]
[WhiteFideId "13600966"]
[BlackFideId "9400249"]
[EventDate "2012.08.28"]

1. d4 Nf6 2. c4 e6 3. Nc3 d5 4. Bg5 Be7 5. e3 O-O 6. Rc1 Ne4 7. Bxe7 Qxe7 8. Nf3
c6 9. Bd3 Nxc3 10. Rxc3 Nd7 11. Qc2 h6 12. O-O dxc4 13. Bxc4 e5 14. Bb3 exd4 15.
exd4 Nf6 16. Re1 Qd6 17. Qg6 Be6 18. Bxe6 Qxe6 19. Rxe6 fxg6 20. Rb3 Rf7 21. h4
Rd8 22. Rbe3 Kh7 23. Re7 Rxe7 24. Rxe7 Rd7 25. Rxd7 Nxd7 26. g3 Kg8 27. Ne5 Nxe5
28. dxe5 Kf7 29. f4 Ke6 30. Kf2 Kd5 31. Ke3 c5 32. b3 b5 33. Kd3 a6 34. Ke3 h5
35. Kd3 a5 36. Kc3 b4+ 37. Kc2 c4 1-0

[Event "40th Olympiad Open"]
[Site "Istanbul TUR"]
[Date "2012.08.28"]
[Round "1.24"]
[Board "3"]
[White "Sanikidze, Tornike"]
[Black "Al-Hadarani, Hatim"]
[Result "1-0"]
[WhiteTitle "GM"]
[BlackTitle "FM"]
[WhiteElo "2585"]
[BlackElo "2263"]
[WhiteTeam "Georgia"]
[BlackTeam "Yemen"]
[WhiteFideId "13602608"]
[BlackFideId "9400273"]
[EventDate "2012.08.28"]

1. d4 Nf6 2. c4 d6 3. Nf3 Nbd7 4. Nc3 e5 5. Bg5 Be7 6. e3 c6 7. Qc2 Qc7 8. O-O-O
O-O 9. g4 Re8 10. Rg1 a6 11. Bd3 Nf8 12. Bxf6 Bxf6 13. g5 Bd8 14. dxe5 dxe5 15.
Ne4 c5 16. Nd6 Re7 17. Nxc8 Rxc8 18. Nd2 b5 19. Ne4 Rd7 20. Nc3 g6 21. h4 Qa5
22. Kb1 Ne6 23. Nd5 bxc4 24. Bxc4 Rb7 25. Qe4 Rcb8 26. b3 Qa3 27. Qxe5 a5 28.
Qb2 Qxb2+ 29. Kxb2 a4 30. Nc3 axb3 31. axb3 Ng7 32. Ne4 Be7 33. Rd5 Rc7 34. Rgd1
Ne8 35. Rd7 Rxd7 36. Rxd7 Kf8 37. Nxc5 Nd6 38. Bd3 Nb5 39. Nb7 Na7 40. Be4 Ke8
41. Rd1 Nc8 42. Na5 Bd6 43. Nc6 Rb6 44. b4 Kd7 45. Ne5+ Ke6 46. Nc4 Rxb4+ 47.
Kc3 Rb5 48. Bc6 Rc5 49. Bb7 Be5+ 50. Kb4 Rxc4+ 51. Kxc4 Nd6+ 52. Kc5 Nxb7+ 53.
Kc6 Na5+ 54. Kc5 Ke7 55. Rb1 Bd6+ 56. Kd5 Bc7 57. h5 Kd7 58. Rc1 Nb7 59. Ra1 Nd6
60. Ra7 Nf5 61. h6 Ne7+ 62. Ke4 Ng8 63. Ra8 Bd8 64. f4 f5+ 65. Kd3 Ne7 66. Kd4
Ke6 67. Kc5 Kd7 68. Rb8 Kc7 69. Rb6 Nc8 70. Rxg6 Kd7 71. Rg7+ Be7+ 72. Kd5 Nb6+
73. Kd4 Ke6 74. Rxe7+ Kxe7 75. g6 Kf8 76. gxh7 1-0